農産物生産上位5か国 - 穀類・豆類・イモ類 - Statistics

General Stats
  • This quiz has been taken 26 times
  • The average score is 14 of 22
Answer Stats
% Correct
中華人民共和国
100%
アメリカ合衆国
100%
インド
96%
インドネシア
96%
ロシア
91%
アルゼンチン
91%
ブラジル
87%
カナダ
87%
ベトナム
87%
オーストラリア
83%
ウクライナ
78%
バングラデシュ
70%
ナイジェリア
70%
ポーランド
43%
アンゴラ
39%
コートジボワール
39%
ベナン
39%
トーゴ
39%
タンザニア
35%
ガーナ
35%
フィンランド
30%
マラウイ
13%
No matching quizzes found
Score Distribution
Percent of People with Each Score
Percentile by Number Answered
Your Score History
You have not taken this quiz